Stati per produzione di patate - Statistics

Statistiche generali
  • Questo quiz è stato fatto 21 volte
  • Il punteggio medio è 11 su 15
Statistiche sulle risposte
Continente Produzione (tonnellate) Stato % Corretto
Asia 99 122 420 Cina
100%
America del Nord 19 990 950 Stati Uniti
100%
Europa 10 772 100 Germania
92%
Asia / Europa 31 107 797 Russia
92%
Europa 6 834 680 Francia
85%
Asia 43 770 000 India
85%
Europa 8 872 445 Polonia
85%
Europa 21 750 290 Ucraina
85%
Africa 5 029 022 Egitto
69%
Europa 6 534 338 Paesi Bassi
69%
Europa 5 373 000 Regno Unito
69%
Asia 5 164 891 Iran
62%
Africa 4 782 690 Algeria
54%
Europa 5 985 810 Bielorussia
54%
Asia 9 474 099 Bangladesh
38%
Nessun quiz corrispondente trovato
Distribuzione punteggi
Percentuale di utenti per punteggio
Percentile per numero di risposta
I tuoi punteggi nel tempo
Non hai fatto questo quiz